[Event "Bundesliga 2324"]
[Site "Germany"]
[Date "2024.04.28"]
[Round "15.8"]
[White "Halvax, Georg"]
[Black "Adams, Michael"]
[Result "0-1"]
[WhiteElo "2451"]
[BlackElo "2670"]
[PlyCount "62"]
[EventDate "2023.10.21"]
[EventType "team-tourn"]
[EventRounds "15"]
[EventCountry "GER"]
[SourceTitle "CB18_2024"]
[SourceDate "2024.05.01"]
[SourceVersion "1"]
[SourceVersionDate "2024.05.01"]
[SourceQuality "2"]
[WhiteTeam "Solingen"]
[BlackTeam "Baden-Baden"]
[WhiteTeamCountry "GER"]
[BlackTeamCountry "GER"]

1. d4 Nf6 2. c4 e6 3. Nf3 b6 4. g3 Bb4+ 5. Bd2 Be7 6. Bg2 c6 7. 0-0 0-0 8. Qc2 d5 9. b3 Nbd7 10. Nc3 Ba6 11. e4 dxc4 12. Rfd1 h6 13. e5 Nd5 14. Ne4 cxb3 15. axb3 Be2 16. Rdc1 c5 17. Qb2 a5 18. dxc5 Bxf3 19. Bxf3 Nxc5 20. Nxc5 Bxc5 21. Rc4 f5 22. Qc1 Qd7 23. Bxh6 gxh6 24. Qxh6 Rae8 25. Raa4 Nb4 26. Rh4 Qg7 27. Qd2 Rd8 28. Qe2 Rd4 29. Rh5 Rfd8 30. Ra1 Nd3 31. h4 Nf4 0-1

[Event "AUT-chT 2324"]
[Site "Austria"]
[Date "2024.03.21"]
[Round "8.4"]
[White "Korpa, Bence"]
[Black "Halvax, Georg"]
[Result "1-0"]
[WhiteElo "2545"]
[BlackElo "2458"]
[PlyCount "91"]
[EventDate "2023.11.22"]
[EventType "team-tourn"]
[EventRounds "11"]
[EventCountry "AUT"]
[SourceTitle "CB13_2024"]
[SourceDate "2024.03.27"]
[SourceVersion "1"]
[SourceVersionDate "2024.03.27"]
[SourceQuality "1"]
[WhiteTeam "Fuerstenfeld/Hartberg"]
[BlackTeam "Maria Saal"]
[WhiteTeamCountry "AUT"]
[BlackTeamCountry "AUT"]

1. e4 c5 2. c3 d5 3. exd5 Qxd5 4. d4 Nc6 5. Nf3 Bg4 6. dxc5 Qxd1+ 7. Kxd1 0-0-0+ 8. Bd2 Nf6 9. Kc1 e5 10. b4 e4 11. h3 Bh5 12. Nh4 Ne5 13. Na3 Nd3+ 14. Bxd3 Rxd3 15. Nc4 e3 16. fxe3 Ne4 17. Kc2 Rd7 18. g4 Be7 19. gxh5 Bxh4 20. Rhd1 Rhd8 21. Be1 Rxd1 22. Rxd1 Rxd1 23. Kxd1 Bxe1 24. Kxe1 Nxc3 25. a3 Ne4 26. Ke2 Kd7 27. Kf3 Ng5+ 28. Kg4 f6 29. Nd6 b6 30. h4 Ne6 31. Ne4 Ke7 32. cxb6 axb6 33. Nc3 Nc7 34. a4 Ke6 35. a5 bxa5 36. bxa5 Ke5 37. Kf3 Na6 38. Ne4 Nc7 39. Ng3 g6 40. h6 Na6 41. Ne2 Nc5 42. Nf4 Kf5 43. e4+ Nxe4 44. a6 Nd2+ 45. Ke2 Nc4 46. Nd5 1-0

[Event "AUT-chT 2324"]
[Site "Austria"]
[Date "2023.11.24"]
[Round "4.6"]
[White "Tabernig, Bernhard"]
[Black "Halvax, Georg"]
[Result "0-1"]
[WhiteElo "2277"]
[BlackElo "2458"]
[PlyCount "102"]
[EventDate "2023.11.22"]
[EventType "team-tourn"]
[EventRounds "11"]
[EventCountry "AUT"]
[SourceTitle "CB48_2023"]
[SourceDate "2023.11.29"]
[SourceVersion "1"]
[SourceVersionDate "2023.11.29"]
[SourceQuality "1"]
[WhiteTeam "Mayrhofen/Zell/Zillertal"]
[BlackTeam "Maria Saal"]
[WhiteTeamCountry "AUT"]
[BlackTeamCountry "AUT"]

1. d4 d5 2. Nf3 Nf6 3. c4 e6 4. e3 b6 5. Nbd2 Bb7 6. Qc2 Nbd7 7. b3 Bd6 8. Bb2 0-0 9. Bd3 Qe7 10. 0-0 c5 11. Rac1 h6 12. Rfe1 e5 13. dxe5 Nxe5 14. Nxe5 Bxe5 15. Bxe5 Qxe5 16. Nf3 Qe7 17. Rcd1 Rad8 18. Qb2 dxc4 19. Bxc4 Ng4 20. Be2 Qc7 21. h3 Bxf3 22. hxg4 Bc6 23. Bf3 Bxf3 24. gxf3 Rd7 25. Qc2 Rfd8 26. Kg2 Rd6 27. Rxd6 Qxd6 28. Re2 Qd5 29. Qe4 Qxe4 30. fxe4 b5 31. Rc2 Rc8 32. e5 Kf8 33. Kf3 g6 34. Ke4 c4 35. Kd5 c3 36. a3 a5 37. b4 axb4 38. axb4 Rc4 39. f4 Ke7 40. e4 h5 41. g5 h4 42. f5 h3 43. fxg6 h2 44. Rxh2 c2 45. Rxc2 Rxc2 46. gxf7 Kxf7 47. Kd6 Rg2 48. Kc6 Rxg5 49. Kxb5 Rxe5+ 50. Kc6 Ke7 51. Kc7 Rb5 0-1

[Event "AUT-ch Blitz"]
[Site "Graz"]
[Date "2023.06.09"]
[Round "5"]
[White "Borrmann, Laurenz"]
[Black "Halvax, Georg"]
[Result "1/2-1/2"]
[WhiteElo "2304"]
[BlackElo "2452"]
[PlyCount "94"]
[EventDate "2023.06.09"]
[EventType "swiss (blitz)"]
[EventRounds "11"]
[EventCountry "AUT"]
[SourceTitle "CBM 214 Extra"]
[Source "ChessBase"]
[SourceDate "2023.07.31"]
[SourceVersion "1"]
[SourceVersionDate "2023.07.31"]
[SourceQuality "1"]

1. e4 d6 2. d4 Nf6 3. Nc3 e5 4. Nf3 Nbd7 5. h3 c6 6. a4 Be7 7. Be3 h6 8. g4 Qc7 9. Rg1 Nf8 10. Qd2 Ng6 11. Bc4 b6 12. g5 hxg5 13. Nxg5 d5 14. exd5 cxd5 15. Bxd5 Nxd5 16. Nxd5 Qd6 17. dxe5 Nxe5 18. 0-0-0 Bb7 19. Nxe7 Qxd2+ 20. Bxd2 Kxe7 21. Bb4+ Kf6 22. f4 Nf3 23. Bc3+ Kf5 24. Nxf3 Bxf3 25. Rd7 Ke6 26. Rd3 Rxh3 27. Re3+ Kf5 28. Rxg7 Rh1+ 29. Re1 Rxe1+ 30. Bxe1 Bd5 31. Bd2 Rh8 32. Rg5+ Ke6 33. b3 f6 34. Rg1 Be4 35. Rg7 Rc8 36. c4 a6 37. Kb2 b5 38. axb5 axb5 39. Bc3 bxc4 40. bxc4 Rxc4 41. Rg3 Kf5 42. Rg8 Rc6 43. Rf8 Rb6+ 44. Kc1 Bd5 45. Rxf6+ Rxf6 46. Bxf6 Kxf4 47. Bg5+ Ke5 1/2-1/2

[Event "AUT-ch Blitz"]
[Site "Graz"]
[Date "2023.06.09"]
[Round "4"]
[White "Halvax, Georg"]
[Black "Wohlfahrt, Herbert J"]
[Result "1/2-1/2"]
[WhiteElo "2452"]
[BlackElo "2329"]
[PlyCount "140"]
[EventDate "2023.06.09"]
[EventType "swiss (blitz)"]
[EventRounds "11"]
[EventCountry "AUT"]
[SourceTitle "CBM 214 Extra"]
[Source "ChessBase"]
[SourceDate "2023.07.31"]
[SourceVersion "1"]
[SourceVersionDate "2023.07.31"]
[SourceQuality "1"]

1. d4 Nf6 2. c4 e6 3. Nf3 Bb4+ 4. Nbd2 c5 5. a3 Bxd2+ 6. Qxd2 cxd4 7. Nxd4 d5 8. e3 0-0 9. cxd5 Qxd5 10. Nb5 Qxd2+ 11. Bxd2 Nc6 12. f3 Rd8 13. e4 a6 14. Nc3 Nd4 15. Rd1 e5 16. Kf2 Be6 17. Be3 Rac8 18. Bd3 Kf8 19. h3 Bc4 20. Bb1 Nb5 21. Na4 Rxd1 22. Rxd1 Bb3 23. Nb6 Rc6 24. Rd8+ Ke7 25. Rb8 Rc7 26. Bd3 Nd4 27. Bxd4 exd4 28. f4 Bc2 29. e5 Ne4+ 30. Ke2 Bxd3+ 31. Kxd3 Nc5+ 32. Kxd4 Nb3+ 33. Ke3 Ke6 34. Rc8 Rxc8 35. Nxc8 b5 36. Nd6 f6 37. exf6 gxf6 38. Ne4 h6 39. g4 Na5 40. Kd4 Nb3+ 41. Kc3 Nc1 42. Nc5+ Kd5 43. Nxa6 Ne2+ 44. Kb4 Nxf4 45. Kxb5 Nxh3 46. a4 Nf2 47. a5 Nxg4 48. Nb4+ Kd6 49. Kb6 Ne5 50. a6 Nd7+ 51. Kb7 Nc5+ 52. Kb6 Nd7+ 53. Kb5 Kc7 54. Nd5+ Kb8 55. Kc6 Ne5+ 56. Kc5 Nd7+ 57. Kd6 Ne5 58. b4 Nc4+ 59. Kc5 Ne5 60. Nxf6 Ka7 61. b5 Nd3+ 62. Kc6 Nb4+ 63. Kd6 Nxa6 64. Nd7 Nb4 65. Kc7 Nd5+ 66. Kc6 Nb4+ 67. Kc5 Na6+ 68. Kd5 Nc7+ 69. Kc6 Nxb5 70. Kxb5 h5 1/2-1/2

[Event "AUT-chT 2223"]
[Site "Austria"]
[Date "2023.04.15"]
[Round "11.4"]
[White "Halvax, Georg"]
[Black "Naiditsch, Arkadij"]
[Result "1/2-1/2"]
[WhiteElo "2438"]
[BlackElo "2667"]
[PlyCount "156"]
[EventDate "2022.11.03"]
[EventType "team-tourn"]
[EventRounds "11"]
[EventCountry "AUT"]
[SourceTitle "EXT 2024"]
[Source "ChessBase"]
[SourceDate "2023.10.10"]
[SourceVersion "1"]
[SourceVersionDate "2023.10.10"]
[SourceQuality "1"]
[WhiteTeam "Maria Saal"]
[BlackTeam "Linz"]
[WhiteTeamCountry "AUT"]
[BlackTeamCountry "AUT"]

1. d4 Nf6 2. c4 e6 3. Nf3 Bb4+ 4. Nbd2 b6 5. a3 Bxd2+ 6. Qxd2 Bb7 7. e3 0-0 8. Be2 d5 9. 0-0 dxc4 10. Bxc4 a5 11. Qe2 Ne4 12. b3 Nd6 13. Bd3 f5 14. Bb2 Nd7 15. Rac1 Bd5 16. Nd2 c5 17. e4 fxe4 18. Nxe4 Nxe4 19. Bxe4 Rf7 20. Bxd5 exd5 21. Rfd1 Qg5 22. Qe6 Qf5 23. Qxf5 Rxf5 24. dxc5 bxc5 25. g4 Rg5 26. h3 Rf8 27. b4 axb4 28. axb4 cxb4 29. Rc7 Nb6 30. Rb7 Nc4 31. Rxb4 h5 32. Bc1 Re5 33. Kf1 hxg4 34. hxg4 Re4 35. Rxd5 Ne3+ 36. Bxe3 Rxb4 37. Rg5 Rf6 38. Kg2 g6 39. Kg3 Re6 40. Ra5 Ree4 41. Ra8+ Kf7 42. Ra7+ Ke8 43. Ra8+ Kd7 44. Ra7+ Kc8 45. g5 Re6 46. Ra8+ Kb7 47. Ra7+ Kc6 48. Ra5 Rb5 49. Ra4 Rbe5 50. Ra6+ Kd5 51. Ra5+ Kc4 52. Ra3 Rf5 53. Ra1 Rb5 54. Rc1+ Kd3 55. Rd1+ Ke2 56. Rd2+ Ke1 57. Ra2 Rd5 58. Kg2 Rc6 59. Ra1+ Ke2 60. Ra2+ Kd3 61. Ra3+ Ke4 62. Ra4+ Ke5 63. Kf3 Rd1 64. Re4+ Kd5 65. Re8 Rg1 66. Rd8+ Ke6 67. Rf8 Ke7 68. Ra8 Re6 69. Ra7+ Ke8 70. Ra8+ Kf7 71. Ra7+ Re7 72. Ra8 Rd7 73. Ke4 Re7+ 74. Kf3 Re8 75. Ra6 Re6 76. Ra7+ Re7 77. Ra8 Re8 78. Ra6 Re6 1/2-1/2

[Event "Bundesliga 2223"]
[Site "Germany"]
[Date "2023.04.01"]
[Round "12.5"]
[White "Lindgren, Philip"]
[Black "Halvax, Georg"]
[Result "1/2-1/2"]
[WhiteElo "2382"]
[BlackElo "2432"]
[PlyCount "184"]
[EventDate "2022.10.21"]
[EventType "team-tourn"]
[EventRounds "15"]
[EventCountry "GER"]
[SourceTitle "CBM 213 Extra"]
[Source "ChessBase"]
[SourceDate "2023.05.31"]
[SourceVersion "1"]
[SourceVersionDate "2023.05.31"]
[SourceQuality "1"]
[WhiteTeam "Bayern Muenchen"]
[BlackTeam "Solingen"]
[WhiteTeamCountry "GER"]
[BlackTeamCountry "GER"]

1. d4 d5 2. c4 e6 3. Nf3 Nf6 4. g3 Be7 5. Bg2 0-0 6. Nc3 dxc4 7. Ne5 Nc6 8. Bxc6 bxc6 9. Nxc6 Qe8 10. Nxe7+ Qxe7 11. Qa4 c5 12. dxc5 Qxc5 13. Be3 Qc7 14. 0-0-0 Bb7 15. f3 Nd5 16. Bd4 a5 17. Nxd5 exd5 18. h4 Bc6 19. Qc2 a4 20. a3 Rab8 21. Kb1 Qe7 22. Ka2 Rb3 23. g4 Re8 24. Rd2 Qe6 25. Ka1 Qd6 26. Ka2 Qe6 27. Ka1 Qd6 28. h5 Qf4 29. h6 g6 30. Ka2 Bd7 31. Bc3 Be6 32. Rd4 Qe3 33. Qd2 Qxd2 34. Rxd2 f5 35. g5 Bf7 36. Kb1 Rb6 37. Kc2 Rb5 38. Rh4 Re3 39. Bd4 Re8 40. Kd1 Rb3 41. Rf4 Rb5 42. Ke1 Be6 43. Kf2 Bd7 44. Bc3 Bc6 45. Rfd4 Kf7 46. Kg3 Re3 47. Kf4 Re6 48. Rc2 Rb8 49. Rdd2 Rb7 50. Bd4 Rb8 51. Rc3 Rbe8 52. Re3 Rxe3 53. Bxe3 Ke6 54. Bd4 Kd6 55. Kg3 Re6 56. Bf6 Re8 57. Kf2 Re6 58. Rd4 Re8 59. Ke1 Bb5 60. Rd2 Bc6 61. Kd1 Bb5 62. Kc2 c3 63. Kxc3 Rxe2 64. Rxe2 Bxe2 65. f4 Bd1 66. Kd4 Bb3 67. Bg7 Ke6 68. Kc5 Kd7 69. Be5 Ke6 70. Kc6 Ke7 71. Bg7 Ke6 72. Bf6 Kf7 73. Kd7 Kf8 74. Bd4 Kf7 75. Bg7 Bc4 76. b4 axb3 77. a4 d4 78. Bxd4 b2 79. Bxb2 Kg8 80. a5 Kf7 81. Kc6 Kg8 82. Kb6 Kf7 83. a6 Bxa6 84. Kxa6 Kg8 85. Kb6 Kf7 86. Kc6 Kg8 87. Kd6 Kf7 88. Ke5 Kg8 89. Kf6 Kf8 90. Ke6 Kg8 91. Ba3 Kh8 92. Bf8 Kg8 1/2-1/2

[Event "BL2-West 2223"]
[Site "Germany"]
[Date "2023.03.19"]
[Round "10.4"]
[White "Halvax, Georg"]
[Black "Stork, Oliver"]
[Result "1-0"]
[WhiteElo "2444"]
[BlackElo "2340"]
[PlyCount "41"]
[EventDate "2022.10.22"]
[EventType "team-tourn"]
[EventRounds "10"]
[EventCountry "GER"]
[SourceTitle "EXT 2024"]
[Source "ChessBase"]
[SourceDate "2023.10.10"]
[SourceVersion "1"]
[SourceVersionDate "2023.10.10"]
[SourceQuality "1"]
[WhiteTeam "Solingen II"]
[BlackTeam "Oberursel"]
[WhiteTeamCountry "GER"]
[BlackTeamCountry "GER"]

1. d4 d5 2. c4 e6 3. Nf3 c6 4. e3 Bd6 5. Nc3 f5 6. Qc2 Nf6 7. h3 0-0 8. g4 Ne4 9. gxf5 exf5 10. cxd5 Nxc3 11. bxc3 cxd5 12. c4 f4 13. Ne5 Nc6 14. Bg2 Bb4+ 15. Ke2 Be6 16. cxd5 f3+ 17. Bxf3 Rxf3 18. dxe6 Nxe5 19. dxe5 Qf8 20. Rh2 Re8 21. Rb1 1-0

[Event "AUT-chT 2223"]
[Site "Austria"]
[Date "2022.11.06"]
[Round "4.6"]
[White "Halvax, Georg"]
[Black "Huber, Benedikt"]
[Result "1/2-1/2"]
[WhiteElo "2438"]
[BlackElo "2312"]
[PlyCount "50"]
[EventDate "2022.11.03"]
[EventType "team-tourn"]
[EventRounds "11"]
[EventCountry "AUT"]
[SourceTitle "EXT 2024"]
[Source "ChessBase"]
[SourceDate "2023.10.10"]
[SourceVersion "1"]
[SourceVersionDate "2023.10.10"]
[SourceQuality "1"]
[WhiteTeam "Maria Saal"]
[BlackTeam "Ottakring"]
[WhiteTeamCountry "AUT"]
[BlackTeamCountry "AUT"]

1. d4 d5 2. c4 e6 3. Nf3 Nf6 4. Nc3 a6 5. cxd5 exd5 6. Bg5 Be6 7. Qb3 Nbd7 8. Qxb7 Rb8 9. Qxa6 Rxb2 10. Bc1 Rb6 11. Qd3 Bb4 12. Bd2 g6 13. Nd1 Bf5 14. Qe3+ Be7 15. g3 0-0 16. Bg2 Re8 17. Qc3 Ne4 18. Qc1 Qa8 19. Ne3 Ba3 20. Qxc7 Rc8 21. Qf4 Bd6 22. Qh6 Bf8 23. Qf4 Bd6 24. Qh6 Bf8 25. Qf4 Bd6 1/2-1/2

[Event "AUT-chT 2223"]
[Site "Austria"]
[Date "2022.11.05"]
[Round "3.6"]
[White "Atlas, Dimitry"]
[Black "Halvax, Georg"]
[Result "0-1"]
[WhiteElo "2238"]
[BlackElo "2438"]
[PlyCount "98"]
[EventDate "2022.11.03"]
[EventType "team-tourn"]
[EventRounds "11"]
[EventCountry "AUT"]
[SourceTitle "EXT 2024"]
[Source "ChessBase"]
[SourceDate "2023.10.10"]
[SourceVersion "1"]
[SourceVersionDate "2023.10.10"]
[SourceQuality "1"]
[WhiteTeam "Hohenems"]
[BlackTeam "Maria Saal"]
[WhiteTeamCountry "AUT"]
[BlackTeamCountry "AUT"]

1. e4 c5 2. c3 d5 3. exd5 Qxd5 4. d4 Nc6 5. Nf3 Bg4 6. Be2 cxd4 7. cxd4 e6 8. Nc3 Bb4 9. 0-0 Qa5 10. h3 Bf5 11. Qb3 Nge7 12. a3 Bxc3 13. bxc3 Qc7 14. c4 0-0 15. Bb2 Rac8 16. Ne5 Na5 17. Qb4 Rfd8 18. Rfd1 f6 19. Ng4 b6 20. Rac1 Ng6 21. g3 Be4 22. d5 f5 23. dxe6 fxg4 24. Bxg4 Ne5 25. Bxe5 Rxd1+ 26. Rxd1 Qxe5 27. c5 Nc6 28. Qc4 Ne7 29. cxb6 h5 30. Qd4 Qxd4 31. Rxd4 Rc1+ 32. Rd1 Rxd1+ 33. Bxd1 axb6 34. Bxh5 Nd5 35. f3 Bf5 36. Bf7+ Kf8 37. g4 Bc2 38. Kf2 Nc3 39. Ke3 Nb5 40. Kf4 Nxa3 41. Ke5 Ke7 42. f4 b5 43. f5 b4 44. Bg6 b3 45. g5 Nc4+ 46. Kd4 Nd6 47. Kc3 Bxf5 48. Bxf5 Nxf5 49. Kxb3 Kxe6 0-1

[Event "AUT-chT 2223"]
[Site "Austria"]
[Date "2022.11.03"]
[Round "1.5"]
[White "Halvax, Georg"]
[Black "Mesaros, Florian"]
[Result "1-0"]
[WhiteElo "2438"]
[BlackElo "2404"]
[PlyCount "61"]
[EventDate "2022.11.03"]
[EventType "team-tourn"]
[EventRounds "11"]
[EventCountry "AUT"]
[SourceTitle "EXT 2024"]
[Source "ChessBase"]
[SourceDate "2023.10.10"]
[SourceVersion "1"]
[SourceVersionDate "2023.10.10"]
[SourceQuality "1"]
[WhiteTeam "Maria Saal"]
[BlackTeam "Fuerstenfeld/Hartberg"]
[WhiteTeamCountry "AUT"]
[BlackTeamCountry "AUT"]

1. d4 Nf6 2. c4 e6 3. Nf3 d5 4. Nc3 Bb4 5. cxd5 exd5 6. Bf4 c5 7. g3 Nc6 8. Bg2 0-0 9. 0-0 Bg4 10. dxc5 Bxc3 11. bxc3 Ne4 12. c4 d4 13. h3 Bh5 14. Qb1 Nxc5 15. Qf5 Bxf3 16. Bxf3 Qe7 17. Rfd1 Rad8 18. h4 d3 19. Bg5 f6 20. Be3 Ne5 21. Bd5+ Kh8 22. exd3 g6 23. Bxc5 Qxc5 24. Qf4 Nc6 25. Qc7 Rfe8 26. Qxb7 Re2 27. Rf1 Ne5 28. Rae1 Rxa2 29. d4 Qxd4 30. Qe7 Rxd5 31. Qf8# 1-0

[Event "EU-Cup 37th"]
[Site "Mayrhofen"]
[Date "2022.10.06"]
[Round "4.3"]
[White "Bogner, Sebastian"]
[Black "Halvax, Georg"]
[Result "1-0"]
[WhiteElo "2548"]
[BlackElo "2432"]
[PlyCount "115"]
[EventDate "2022.10.03"]
[EventType "team-swiss"]
[EventRounds "7"]
[EventCountry "AUT"]
[SourceTitle "CBM 210 Extra"]
[Source "ChessBase"]
[SourceDate "2022.11.30"]
[SourceVersion "1"]
[SourceVersionDate "2022.11.30"]
[SourceQuality "1"]
[WhiteTeam "Bayern Muenchen"]
[BlackTeam "Solingen SG"]
[WhiteTeamCountry "GER"]
[BlackTeamCountry "GER"]

1. d4 d5 2. c4 e6 3. Nf3 Nf6 4. g3 Be7 5. Bg2 0-0 6. Nc3 a6 7. 0-0 Nc6 8. Ne5 Na5 9. cxd5 exd5 10. b3 b5 11. Bb2 Bb7 12. Rc1 Qd6 13. Nd3 Nc6 14. Nc5 Bc8 15. e4 Bg4 16. f3 Bh5 17. e5 Nxe5 18. dxe5 Qxe5 19. Nd3 Qd6 20. Nf4 Rad8 21. Nxh5 Nxh5 22. f4 Nf6 23. Kh1 d4 24. Ne4 Nxe4 25. Bxe4 c5 26. Bd3 Qb6 27. Re1 Rfe8 28. Qc2 g6 29. Re4 Bf8 30. Rce1 Rxe4 31. Rxe4 Rc8 32. Bxd4 Qb7 33. Bf6 Qc6 34. Bb2 Bg7 35. Bxg7 f5 36. Bb2 fxe4 37. Bxe4 Qd7 38. Bf3 Rd8 39. Qe4 Qf5 40. Qe2 Kf7 41. Kg2 Qd3 42. Kf2 Qd2 43. Kf1 Qd6 44. Qe3 c4 45. bxc4 bxc4 46. Qc3 Qd3+ 47. Be2 Qxc3 48. Bxc3 Rc8 49. Ke1 Rc7 50. Be5 Rc5 51. Bd4 Rc7 52. Kd2 Ke6 53. Kc3 Kd5 54. Bf3+ Ke6 55. Be4 Rc8 56. Bb7 Rc7 57. Bxa6 Kd5 58. a4 1-0

[Event "EU-Cup 37th"]
[Site "Mayrhofen"]
[Date "2022.10.04"]
[Round "2.3"]
[White "Hansen, Eric"]
[Black "Halvax, Georg"]
[Result "1-0"]
[WhiteElo "2613"]
[BlackElo "2432"]
[PlyCount "131"]
[EventDate "2022.10.03"]
[EventType "team-swiss"]
[EventRounds "7"]
[EventCountry "AUT"]
[SourceTitle "CBM 210 Extra"]
[Source "ChessBase"]
[SourceDate "2022.11.30"]
[SourceVersion "1"]
[SourceVersionDate "2022.11.30"]
[SourceQuality "1"]
[WhiteTeam "Offerspill"]
[BlackTeam "Solingen SG"]
[WhiteTeamCountry "NOR"]
[BlackTeamCountry "GER"]

1. e4 c5 2. Nf3 Nc6 3. Bb5 g6 4. 0-0 Bg7 5. c3 Nf6 6. Re1 0-0 7. d4 d5 8. exd5 Qxd5 9. dxc5 Qxc5 10. Na3 Bg4 11. h3 Rad8 12. Qe2 Bxf3 13. Qxf3 Nd5 14. Re4 e5 15. Rc4 Qd6 16. Bg5 Nce7 17. Ba4 a6 18. Bb3 h6 19. Bxe7 Qxe7 20. Rd1 Nf4 21. Re4 Rxd1+ 22. Qxd1 Kh7 23. Qf3 Qc7 24. h4 f5 25. Rc4 Qd7 26. Bc2 Ne6 27. h5 e4 28. Qd1 Qxd1+ 29. Bxd1 Rd8 30. Bb3 gxh5 31. Nc2 Rd1+ 32. Kh2 Rd2 33. Ne3 Rxf2 34. Kg1 Rxb2 35. Nxf5 Bf6 36. Rb4 Bxc3 37. Rb6 Bd4+ 38. Nxd4 Nxd4 39. Bg8+ Kxg8 40. Rxb2 b5 41. Rd2 Nf5 42. Rd5 Ne3 43. Rd6 a5 44. Rb6 b4 45. Rb5 Nd1 46. Rxa5 e3 47. Kf1 Nc3 48. Ra7 h4 49. Ke1 Kh8 50. Kf1 Kg8 51. a3 bxa3 52. Rxa3 Nd5 53. Ra4 e2+ 54. Kf2 Ne3 55. Re4 Nf5 56. Rf4 Ne7 57. Rxh4 Kg7 58. Kxe2 Kg6 59. Kf3 h5 60. Ra4 Kh6 61. Ra5 Ng6 62. Ke4 Ne7 63. Rb5 Ng6 64. Rf5 Nh4 65. Rf1 Nxg2 66. Rh1 1-0

[Event "Vienna State-ch"]
[Site "Vienna"]
[Date "2022.09.23"]
[Round "7"]
[White "Kruckenhauser, Arthur"]
[Black "Halvax, Georg"]
[Result "1/2-1/2"]
[WhiteElo "2289"]
[BlackElo "2423"]
[PlyCount "60"]
[EventDate "2022.09.17"]
[EventType "tourn"]
[EventRounds "9"]
[EventCountry "AUT"]
[EventCategory "5"]
[SourceTitle "CBM 210 Extra"]
[Source "ChessBase"]
[SourceDate "2022.11.30"]
[SourceVersion "1"]
[SourceVersionDate "2022.11.30"]
[SourceQuality "1"]

1. e4 e5 2. Nf3 Nc6 3. Bc4 Bc5 4. c3 Nf6 5. d3 0-0 6. 0-0 d5 7. exd5 Nxd5 8. a4 a5 9. Nbd2 Nb6 10. Bb5 Bg4 11. Ne4 Bd6 12. Re1 f5 13. Qb3+ Kh8 14. Bxc6 bxc6 15. Bg5 Qd7 16. Nxd6 Bxf3 17. Nc4 Nxc4 18. gxf3 Nb6 19. Rxe5 Qxd3 20. Kg2 h6 21. Be3 Rf6 22. Qd1 Qc4 23. Bxb6 cxb6 24. Qe2 Qh4 25. Kh1 Rd8 26. Rg1 Kh7 27. Re7 Rg8 28. Qe5 Qxf2 29. Qxf6 Qxf3+ 30. Rg2 Qf1+ 1/2-1/2

[Event "Vienna State-ch"]
[Site "Vienna"]
[Date "2022.09.19"]
[Round "3"]
[White "Atzl, Florian"]
[Black "Halvax, Georg"]
[Result "1/2-1/2"]
[WhiteElo "2155"]
[BlackElo "2423"]
[PlyCount "67"]
[EventDate "2022.09.17"]
[EventType "tourn"]
[EventRounds "9"]
[EventCountry "AUT"]
[EventCategory "5"]
[SourceTitle "CBM 210 Extra"]
[Source "ChessBase"]
[SourceDate "2022.11.30"]
[SourceVersion "1"]
[SourceVersionDate "2022.11.30"]
[SourceQuality "1"]

1. e4 c5 2. Nf3 Nc6 3. d4 cxd4 4. Nxd4 g6 5. c4 Bg7 6. Be3 Nf6 7. Nc3 Ng4 8. Qxg4 Nxd4 9. Qd1 e5 10. Bd3 0-0 11. 0-0 b6 12. Bxd4 exd4 13. Nd5 Bb7 14. f4 d6 15. Qf3 Rc8 16. Rae1 Bxd5 17. exd5 Re8 18. Re2 Re3 19. Rxe3 dxe3 20. Qxe3 Bxb2 21. f5 Qh4 22. Qf3 Rc7 23. g3 Qd4+ 24. Kg2 Kg7 25. h4 Re7 26. fxg6 hxg6 27. h5 Qe3 28. hxg6 Qxf3+ 29. Rxf3 fxg6 30. Rf4 g5 31. Re4 Be5 32. Bc2 Rc7 33. Ba4 Rc5 34. Bc6 1/2-1/2

[Event "Vienna State-ch"]
[Site "Vienna"]
[Date "2022.09.17"]
[Round "1"]
[White "Vitouch, Anatol"]
[Black "Halvax, Georg"]
[Result "0-1"]
[WhiteElo "2252"]
[BlackElo "2423"]
[PlyCount "118"]
[EventDate "2022.09.17"]
[EventType "tourn"]
[EventRounds "9"]
[EventCountry "AUT"]
[EventCategory "5"]
[SourceTitle "CBM 210 Extra"]
[Source "ChessBase"]
[SourceDate "2022.11.30"]
[SourceVersion "1"]
[SourceVersionDate "2022.11.30"]
[SourceQuality "1"]

1. d4 d5 2. Bf4 Nf6 3. e3 c5 4. c3 Nc6 5. Nd2 cxd4 6. exd4 Bf5 7. Ngf3 e6 8. Qb3 Qc8 9. Nh4 Be4 10. Nxe4 dxe4 11. g3 h6 12. Ng2 Be7 13. Be2 0-0 14. 0-0 a6 15. Rae1 b5 16. f3 exf3 17. Bxf3 Ra7 18. Bc1 Rd7 19. Nf4 Na5 20. Qd1 b4 21. Qa4 Nc4 22. Be2 Nb6 23. Qa5 Nbd5 24. Nxd5 Rxd5 25. Qxa6 bxc3 26. Qxc8 Rxc8 27. bxc3 Rxc3 28. Bf3 Rd8 29. Bb2 Rc4 30. Bd1 Rc7 31. Bb3 Ra7 32. Rf2 Nd5 33. Rd1 Bg5 34. Re2 Bf6 35. Kg2 Rad7 36. Kf3 Nb4 37. Ke4 Nc6 38. Red2 Na5 39. Ba4 Rb7 40. Bc3 Nc4 41. Rc2 Nd6+ 42. Kf3 Ra7 43. Bb3 Nb5 44. a4 Nxc3 45. Rxc3 Rxd4 46. Rxd4 Bxd4 47. Rc8+ Kh7 48. Ke4 Bg1 49. h3 g6 50. g4 Kg7 51. Kd3 Kf6 52. Kc4 Kg5 53. Rh8 Be3 54. Bc2 Kh4 55. Kb5 Kxh3 56. Bd1 Rd7 57. Be2 Rd2 58. Bf3 Kg3 59. Bc6 Kxg4 0-1

[Event "BL2-West 2122"]
[Site "Germany"]
[Date "2022.06.18"]
[Round "7.3"]
[White "Halvax, Georg"]
[Black "Winterberg, Lukas"]
[Result "1-0"]
[WhiteElo "2416"]
[BlackElo "2384"]
[PlyCount "77"]
[EventDate "2022.03.05"]
[EventType "team-tourn"]
[EventRounds "10"]
[EventCountry "GER"]
[SourceTitle "EXT 2023"]
[Source "ChessBase"]
[SourceDate "2022.10.05"]
[SourceVersion "1"]
[SourceVersionDate "2022.10.05"]
[SourceQuality "1"]
[WhiteTeam "Solingen II"]
[BlackTeam "Heimbach Weis/Neuwied"]
[WhiteTeamCountry "GER"]
[BlackTeamCountry "GER"]

1. d4 Nf6 2. c4 e6 3. Nf3 d5 4. Nc3 Be7 5. Bf4 0-0 6. e3 Nbd7 7. c5 Ne4 8. Rc1 f5 9. h3 c6 10. Be2 b6 11. 0-0 g5 12. Bh2 Nxc3 13. Rxc3 b5 14. Ne5 Nxe5 15. Bxe5 a5 16. f4 Bd7 17. fxg5 Bxg5 18. e4 Bf6 19. exf5 exf5 20. Rf4 Bxe5 21. dxe5 Qg5 22. Qd4 Be6 23. Kh2 Kh8 24. Rg3 Qe7 25. Bd3 Rf7 26. Bxf5 Raf8 27. Bxe6 Qxe6 28. Rxf7 Rxf7 29. Qh4 Re7 30. Qf4 Re8 31. Rg5 Rg8 32. g4 d4 33. Rxg8+ Kxg8 34. Qxd4 h5 35. Qd8+ Kh7 36. Qf6 Qxa2 37. e6 Qd5 38. Qf7+ Kh6 39. Qxh5+ 1-0

[Event "Titled Tuesday intern op 03rd May Early"]
[Site "Chess.com INT"]
[Date "2022.05.03"]
[Round "3"]
[White "Halvax, Georg"]
[Black "Kotepalli, Sai Nirupama"]
[Result "1-0"]
[WhiteElo "2409"]
[BlackElo "1910"]
[PlyCount "61"]
[EventDate "2022.05.03"]
[EventType "swiss (blitz)"]
[EventRounds "11"]
[EventCountry "USA"]
[SourceTitle "CBM 208 Extra"]
[Source "ChessBase"]
[SourceDate "2022.07.31"]
[SourceVersion "1"]
[SourceVersionDate "2022.07.31"]
[SourceQuality "1"]

1. d4 g6 2. c4 Bg7 3. Nc3 d6 4. e4 Nf6 5. Be2 0-0 6. Be3 Nfd7 7. h4 h5 8. g4 hxg4 9. h5 Nf6 10. hxg6 fxg6 11. Qd2 e5 12. 0-0-0 exd4 13. Bxd4 Nc6 14. Be3 Be6 15. f3 Ne5 16. f4 Nxc4 17. Bxc4 Bxc4 18. Qh2 Nh5 19. Nge2 b5 20. f5 Bf7 21. Nf4 Qg5 22. Nfd5 Qd8 23. Rdg1 Be5 24. Qf2 g3 25. Qe2 c6 26. Qg4 cxd5 27. fxg6 Nf6 28. gxf7+ Kxf7 29. Qf5 d4 30. Rh7+ Ke8 31. Qe6+ 1-0